Loading...
| Current Events | 2 | 15.00 | 100% | 50% | 0% |
| Fine Arts - Classical Music | 1 | 10.00 | 100% | 0% | 0% |
| Fine Arts - Other Fine Arts | 2 | 5.00 | 50% | 0% | 0% |
| Fine Arts - Painting and Sculpture | 5 | 12.00 | 100% | 20% | 0% |
| History - American History | 3 | 3.33 | 33% | 0% | 0% |
| History - European History | 6 | 15.00 | 100% | 17% | 33% |
| History - Other History | 3 | 10.00 | 100% | 0% | 0% |
| History - World History | 7 | 8.57 | 86% | 0% | 0% |
| Literature - American Literature | 2 | 20.00 | 100% | 100% | 0% |
| Literature - British Literature | 4 | 7.50 | 75% | 0% | 0% |
| Literature - European Literature | 1 | 10.00 | 100% | 0% | 0% |
| Literature - World Literature | 3 | 16.67 | 100% | 67% | 0% |
| Mythology | 3 | 13.33 | 100% | 33% | 0% |
| Philosophy | 3 | 16.67 | 100% | 67% | 0% |
| Religion | 4 | 7.50 | 50% | 25% | 0% |
| Science - Biology | 5 | 8.00 | 80% | 0% | 0% |
| Science - Chemistry | 3 | 10.00 | 67% | 33% | 0% |
| Science - Other Science | 2 | 5.00 | 50% | 0% | 0% |
| Science - Physics | 5 | 10.00 | 80% | 20% | 0% |
| Social Science | 4 | 5.00 | 50% | 0% | 0% |